Manufacturing strategy : how to formulate and implement a winning plan.
| Main Author: | |
|---|---|
| Format: | Book |
| Published: |
New York,
Productivity Press, 2005.
|
| Subjects: |
| LEADER | 00477cam a2200157 7i4500 | ||
|---|---|---|---|
| 001 | 0000026065 | ||
| 005 | 20110506090000.0 | ||
| 020 | 0 | 0 | |a 9781563273179 |
| 090 | 0 | 0 | |a B 658.5 |b MIL |
| 100 | 1 | 0 | |a Miltenburg |
| 245 | 1 | 0 | |a Manufacturing strategy : |b how to formulate and implement a winning plan. |
| 260 | 0 | 0 | |a New York, |c Productivity Press, |c 2005. |
| 300 | # | # | |a 436 p. |
| 650 | 0 | 0 | |a Production planning |
| 650 | 0 | 0 | |a Production control |
| 999 | |a B000028353 |b Book |c Book |e Business Information Centre | ||


